[Event "?"]
[Site "?"]
[Date "2011.06.02"]
[Round "1.28"]
[White "Nicolai, Alexander"]
[Black "Weidel, Albrecht"]
[Result "0-1"]
[WhiteElo "1936"]
[BlackElo "2154"]
[PlyCount "92"]
[EventDate "2011.??.??"]
[WhiteTeam "SV 1947 Wendlingen"]
[BlackTeam "SAbt TG Biberach"]

1. f4 Nf6 2. Nf3 c5 3. e3 g6 4. b3 Bg7 5. Bb2 O-O 6. Be2 Nc6 7. O-O b6 8. Ne5
Bb7 9. Nxc6 Bxc6 10. Bf3 d5 11. c4 Rc8 12. cxd5 Bxd5 13. Bxd5 Qxd5 14. Qe2 Rfd8
15. d4 Ne4 16. Rd1 cxd4 17. exd4 Bxd4+ 18. Bxd4 Qxd4+ 19. Rxd4 Rc1+ 20. Qf1
Rxf1+ 21. Kxf1 Rxd4 22. Ke2 Nd6 23. g3 g5 24. fxg5 Rg4 25. Nd2 Rxg5 26. Rc1 Ra5
27. Rc2 Kg7 28. Kf3 f5 29. a4 Rc5 30. Rxc5 bxc5 31. Kf4 Kf6 32. Nf3 Nf7 33. Ke3
e5 34. Nd2 Nd6 35. Nb1 Kg5 36. Kf2 Kg4 37. Kg2 Ne4 38. h3+ Kg5 39. Kf3 Kf6 40.
g4 Ng5+ 41. Kg3 f4+ 42. Kg2 e4 43. h4 Nf3 44. h5 Kg5 45. Nc3 Nd2 46. Nb5 e3 0-1

[Event "?"]
[Site "?"]
[Date "2011.06.02"]
[Round "1.29"]
[White "Scheeff, Volker"]
[Black "Jehle, Anja"]
[Result "0-1"]
[WhiteElo "2149"]
[BlackElo "1934"]
[PlyCount "108"]
[EventDate "2011.??.??"]
[WhiteTeam "SK Schmiden/Cannstatt"]
[BlackTeam "SC Ingersheim e.V."]

1. e4 c5 2. Nf3 d6 3. Bb5+ Bd7 4. Bxd7+ Qxd7 5. O-O Nc6 6. c3 Nf6 7. Qe2 e6 8.
d4 cxd4 9. cxd4 d5 10. e5 Ne4 11. Be3 Be7 12. Ne1 f6 13. f3 Ng5 14. Nd3 fxe5
15. dxe5 O-O 16. Nd2 b6 17. Nb3 Rac8 18. a4 Na5 19. Nxa5 bxa5 20. Qd2 Nf7 21.
Qxa5 Rc7 22. Bc5 Rfc8 23. b4 Nd8 24. Bxe7 Qxe7 25. b5 Nb7 26. Qb4 Qxb4 27. Nxb4
Na5 28. g3 Rc4 29. Rab1 Kf7 30. Rf2 Rd4 31. Kg2 Rcc4 32. Rfb2 Rc3 33. Nc6 Nxc6
34. bxc6 Rxa4 35. Rb7+ Kg6 36. Rc7 Rc2+ 37. Kh3 h5 38. Rbb7 Raa2 39. Rxg7+ Kf5
40. Rbf7+ Kxe5 41. Rg5+ Kd6 42. Rxh5 Rxh2+ 43. Kg4 Rxh5 44. Kxh5 Kxc6 45. g4 d4
46. g5 d3 47. Rf8 Kd7 48. Rf7+ Ke8 49. Rb7 d2 50. Rb1 Ra5 51. Rd1 Rd5 52. Kg4
Kf7 53. f4 Rd3 54. f5 Rd4+ 0-1

[Event "?"]
[Site "?"]
[Date "2011.06.02"]
[Round "1.30"]
[White "Mendzigall, Martin"]
[Black "Bräunlin, Klaus"]
[Result "1/2-1/2"]
[WhiteElo "1928"]
[BlackElo "2147"]
[PlyCount "96"]
[EventDate "2011.??.??"]
[WhiteTeam "SC Mühlacker 1923 e.V."]
[BlackTeam "SV Trossingen"]

1. e4 c6 2. d4 d5 3. Nc3 a6 4. a3 dxe4 5. Nxe4 Nf6 6. Nxf6+ gxf6 7. Nf3 Bg4 8.
Be2 e6 9. Be3 Bd6 10. Qd2 Nd7 11. h3 Bh5 12. c4 Bc7 13. O-O Nb6 14. Rac1 Rg8
15. Rfe1 Qd7 16. Kh1 O-O-O 17. b4 Kb8 18. c5 Nd5 19. a4 Nxe3 20. fxe3 Rg3 21.
Ng1 Bg6 22. b5 Be4 23. Bf1 Rdg8 24. Re2 cxb5 25. axb5 Qxb5 26. Rf2 Qc6 27. Qb2
f5 28. Ra1 Kc8 29. Qe2 Bb8 30. Ra2 Qc7 31. Nf3 f6 32. Qd1 Qg7 33. Bc4 Bxf3 34.
Bxe6+ Kd8 35. Rxf3 Rxf3 36. Qxf3 Qc7 37. g4 Re8 38. Qxf5 Ke7 39. Rb2 b5 40. Bd5
Qg3 41. Qe6+ Kd8 42. Qxf6+ Re7 43. Qf3 Qe1+ 44. Kg2 Rxe3 45. Qf8+ Re8 46. Qf6+
Re7 47. Qf8+ Re8 48. Qf6+ Re7 1/2-1/2

[Event "?"]
[Site "?"]
[Date "2011.06.02"]
[Round "1.31"]
[White "Hoeschele, Hans-Ulrich"]
[Black "Reder, Erik"]
[Result "1/2-1/2"]
[WhiteElo "2146"]
[BlackElo "1920"]
[PlyCount "74"]
[EventDate "2011.??.??"]
[WhiteTeam "Stuttgarter SF 1879"]
[BlackTeam "SK e4 Gerlingen"]

1. d4 Nf6 2. Nf3 c5 3. c3 g6 4. g3 Bg7 5. Bg2 O-O 6. O-O cxd4 7. cxd4 d5 8. Nc3
e6 9. Bg5 h6 10. Bd2 Nc6 11. Qa4 Bd7 12. Qa3 a6 13. b3 Ne4 14. e3 Nxd2 15. Nxd2
b5 16. Ne2 Re8 17. Rad1 Bf8 18. Qb2 Rc8 19. Nf4 Bg7 20. Nd3 e5 21. Bxd5 exd4
22. e4 Be6 23. Bxe6 fxe6 24. f4 e5 25. f5 gxf5 26. Rxf5 Qd6 27. Rdf1 Ne7 28.
R5f3 Nc6 29. b4 Re7 30. a3 Ra7 31. Nb3 a5 32. Nbc5 axb4 33. axb4 Re7 34. Rf5
Rcc7 35. Qb3+ Kh7 36. Qd5 Qg6 37. Kg2 Qe8 1/2-1/2

[Event "?"]
[Site "?"]
[Date "2011.06.02"]
[Round "1.32"]
[White "Engelhardt, Frank"]
[Black "Schulte, Torsten"]
[Result "0-1"]
[WhiteElo "1917"]
[BlackElo "2146"]
[PlyCount "92"]
[EventDate "2011.??.??"]
[WhiteTeam "SC Schachmatt Botnang"]
[BlackTeam "SC Eppingen"]

1. e4 e5 2. Nf3 Nc6 3. Bb5 a6 4. Bxc6 dxc6 5. d4 exd4 6. Qxd4 Bg4 7. Qxd8+ Rxd8
8. Bg5 f6 9. Bf4 Bd6 10. Bxd6 cxd6 11. Nbd2 Ne7 12. O-O O-O 13. h3 Bc8 14. Rad1
d5 15. exd5 Rxd5 16. Rfe1 Kf7 17. Nc4 Rfd8 18. Rxd5 Rxd5 19. Nb6 Rb5 20. Nxc8
Nxc8 21. b3 Rd5 22. Kf1 b5 23. Re4 Nd6 24. Rd4 Ke6 25. Ke2 Rxd4 26. Nxd4+ Kd5
27. Kd3 c5 28. Ne2 c4+ 29. Ke3 g5 30. g4 b4 31. f3 a5 32. Nd4 h6 33. Ne2 Nb5
34. f4 Na3 35. fxg5 hxg5 36. c3 a4 37. cxb4 cxb3 38. axb3 axb3 39. Kd3 b2 40.
Nc3+ Ke5 41. b5 Nxb5 42. Nb1 Kf4 43. Kc4 Nd6+ 44. Kd5 Ne4 45. Ke6 Nf2 46. Kxf6
Nxh3 0-1

[Event "?"]
[Site "?"]
[Date "2011.06.02"]
[Round "1.33"]
[White "Demel, Paul"]
[Black "Grünert, Thomas"]
[Result "1-0"]
[WhiteElo "2140"]
[BlackElo "1914"]
[PlyCount "47"]
[EventDate "2011.??.??"]
[WhiteTeam "SK Kriegshaber"]
[BlackTeam "SF Illingen"]

1. e4 c5 2. Nf3 e6 3. d4 cxd4 4. Nxd4 Nf6 5. Nc3 Bb4 6. Bd3 Nc6 7. Nxc6 dxc6 8.
Bd2 e5 9. O-O Ng4 10. Qf3 Qh4 11. h3 h5 12. Rad1 Be6 13. Nb5 Bxd2 14. Nc7+ Ke7
15. Rxd2 Qg5 16. Rfd1 Nf6 17. Ba6 b6 18. Nxa8 Rxa8 19. Bb7 Rb8 20. Bxc6 Ne8 21.
Bd7 a5 22. Bxe6 Kxe6 23. Rd7 f5 24. Qb3+ 1-0

[Event "?"]
[Site "?"]
[Date "2011.06.02"]
[Round "1.34"]
[White "Maisch, Julian"]
[Black "Prestel, Oliver"]
[Result "1-0"]
[WhiteElo "1913"]
[BlackElo "2140"]
[PlyCount "77"]
[EventDate "2011.??.??"]
[WhiteTeam "SF 59 Kornwestheim"]
[BlackTeam "SV Marbach"]

1. e4 c5 2. Nf3 d6 3. d4 cxd4 4. Nxd4 Nf6 5. Nc3 a6 6. Bg5 e6 7. Qd2 Nbd7 8.
Be2 Be7 9. O-O-O O-O 10. f3 Qa5 11. Nb3 Qc7 12. Bf4 e5 13. Be3 Nb6 14. g4 Be6
15. h4 Rfd8 16. Bd3 d5 17. exd5 Nbxd5 18. Nxd5 Nxd5 19. Kb1 a5 20. a3 a4 21.
Nc1 b5 22. Na2 Rab8 23. c3 Nb6 24. Bxb6 Rxb6 25. Qe2 Bb3 26. Rde1 Bc4 27. Bxc4
bxc4 28. Nb4 Bxb4 29. cxb4 f6 30. Rc1 Rc6 31. Rhd1 Rc8 32. Rc3 Qa7 33. Rdc1 Qd4
34. Qc2 h5 35. gxh5 Qxh4 36. Qg6 Kf8 37. Rg1 R8c7 38. Rd1 Rc8 39. Rd7 1-0

[Event "?"]
[Site "?"]
[Date "2011.06.02"]
[Round "1.35"]
[White "Bräuner, Uwe"]
[Black "Rudhart, Michael"]
[Result "1-0"]
[WhiteElo "2122"]
[BlackElo "1905"]
[PlyCount "79"]
[EventDate "2011.??.??"]
[WhiteTeam "Erfurter SK"]
[BlackTeam "SV Stuttgart-Wolfbusch 1956 e.V."]

1. d4 d5 2. Nf3 Nf6 3. Bf4 e6 4. e3 a6 5. Nbd2 Nbd7 6. Bd3 c5 7. c3 b5 8. O-O
Bb7 9. Ne5 c4 10. Bc2 Be7 11. h3 O-O 12. Qb1 h6 13. Bh2 Nxe5 14. Bxe5 Ne8 15.
Bh2 Bd6 16. Bxd6 Nxd6 17. f4 f5 18. Nf3 Ne4 19. Bxe4 fxe4 20. Ne5 Qd6 21. Qe1
Bc6 22. Qh4 Rab8 23. a3 a5 24. Rf2 Be8 25. Kh2 b4 26. axb4 axb4 27. Ra7 bxc3
28. bxc3 Qd8 29. Qg4 Qf6 30. Ra6 Rb3 31. Rxe6 Qd8 32. f5 Kh7 33. f6 gxf6 34.
Qf5+ Kg7 35. Qg4+ Kh7 36. Qh4 Rb6 37. Rxb6 Qxb6 38. Ng4 f5 39. Qe7+ Kg8 40. Rb2
1-0

[Event "?"]
[Site "?"]
[Date "2011.06.02"]
[Round "1.36"]
[White "Santos, Paulo"]
[Black "Braun, Georg"]
[Result "0-1"]
[WhiteElo "1890"]
[BlackElo "2121"]
[PlyCount "92"]
[EventDate "2011.??.??"]
[WhiteTeam "SC Lechhausen"]
[BlackTeam "SK Bebenhausen 1992"]

1. e4 c5 2. Nc3 Nc6 3. g3 g6 4. Bg2 Bg7 5. d3 d6 6. f4 e6 7. Nf3 Nge7 8. O-O
O-O 9. Be3 Nd4 10. e5 dxe5 11. Nxe5 Rb8 12. Ne4 b6 13. c3 Ndf5 14. Bf2 Bb7 15.
g4 Nd6 16. Nxd6 Qxd6 17. Bxb7 Rxb7 18. d4 cxd4 19. Qxd4 Qc7 20. Qe4 Rbb8 21.
Rad1 Rbd8 22. Bh4 Rxd1 23. Rxd1 Rd8 24. Rxd8+ Qxd8 25. Qd3 Qc7 26. Bxe7 Qxe7
27. Nf3 Qc7 28. Qd2 Bh6 29. g5 Bf8 30. Kg2 h6 31. h4 Qc4 32. b3 Qe4 33. Kg3 h5
34. Ne5 Bg7 35. Qd8+ Kh7 36. Qd4 Qe1+ 37. Kh3 Qe2 38. a4 Qc2 39. Qe3 Qxb3 40.
Nxf7 Qxa4 41. Qxe6 Qxf4 42. Qd7 a5 43. Nd6 a4 44. Ne8 Qg4+ 45. Qxg4 hxg4+ 46.
Kxg4 a3 0-1

[Event "?"]
[Site "?"]
[Date "2011.06.02"]
[Round "1.37"]
[White "Gabriel, Josef"]
[Black "Pietzka, Martin"]
[Result "1-0"]
[WhiteElo "2113"]
[BlackElo "1863"]
[PlyCount "89"]
[EventDate "2011.??.??"]
[WhiteTeam "Stuttgarter SF 1879"]
[BlackTeam "SV Nürtingen 1920"]

1. e4 d5 2. exd5 Qxd5 3. d4 c6 4. c4 Qd8 5. Nf3 Nf6 6. Be2 Bf5 7. Nc3 e6 8. O-O
Be7 9. Re1 O-O 10. Nh4 Ne4 11. Nxf5 exf5 12. Bf3 Nxc3 13. bxc3 Qc7 14. Qd3 c5
15. Qxf5 g6 16. Bf4 Bd6 17. Bxd6 Qxd6 18. dxc5 Qc7 19. Qg5 Nc6 20. Bd5 Rae8 21.
h4 Kg7 22. Rab1 h6 23. Qd2 Rd8 24. Re3 Rfe8 25. Rbe1 Rxe3 26. Qxe3 Rd7 27. Qf3
Ne5 28. Qf4 Nc6 29. Qxc7 Rxc7 30. Rb1 Re7 31. a4 h5 32. f3 f5 33. Kf2 f4 34. g3
fxg3+ 35. Kxg3 Kf6 36. Kf4 Nd8 37. a5 Ne6+ 38. Bxe6 Rxe6 39. Rxb7 Ra6 40. Rb6+
axb6 41. cxb6 Rxa5 42. b7 Rf5+ 43. Kg3 g5 44. b8=Q gxh4+ 45. Kxh4 1-0

[Event "?"]
[Site "?"]
[Date "2011.06.02"]
[Round "1.38"]
[White "Mayer, Christian"]
[Black "Keough, Robert"]
[Result "1-0"]
[WhiteElo "1851"]
[BlackElo "2106"]
[PlyCount "88"]
[EventDate "2011.??.??"]
[WhiteTeam "Stuttgarter SF 1879"]
[BlackTeam "SGem Vaihingen-Rohr"]

1. d4 Nf6 2. c4 g6 3. Nf3 Bg7 4. g3 O-O 5. Bg2 d6 6. O-O c6 7. Nc3 Qc7 8. e4
Bg4 9. h3 Bxf3 10. Qxf3 Nbd7 11. Be3 Rfe8 12. Qe2 Rad8 13. Rab1 Nf8 14. f4 e6
15. Kh2 h5 16. e5 N6h7 17. Ne4 d5 18. Nd6 Re7 19. cxd5 exd5 20. f5 Rxd6 21.
exd6 Qxd6 22. Qd3 h4 23. Bf4 hxg3+ 24. Bxg3 Qb4 25. Rfd1 gxf5 26. Qxf5 Re2 27.
a3 Qb3 28. Rf1 Kh8 29. Qxf7 Bxd4 30. Rbe1 Rxe1 31. Rxe1 Qxb2 32. Re8 Bg7 33.
Bd6 Qf6 34. Qxf6 Nxf6 35. Rxf8+ Bxf8 36. Bxf8 Kg8 37. Bd6 Kf7 38. Kg3 Ke6 39.
Bb8 a6 40. Bf3 b5 41. Kf4 c5 42. Ba7 Nd7 43. Bg4+ Kd6 44. Bxd7 a5 1-0

[Event "?"]
[Site "?"]
[Date "2011.06.02"]
[Round "1.39"]
[White "Bodrozic, Tomislav"]
[Black "Dornreiter, Michael"]
[Result "1/2-1/2"]
[WhiteElo "2104"]
[BlackElo "1847"]
[PlyCount "93"]
[EventDate "2011.??.??"]
[WhiteTeam "SF Birkenfeld"]
[BlackTeam "SC Kirchseeon e.V."]

1. e4 c5 2. Nf3 g6 3. d3 Bg7 4. g3 Nf6 5. Bg2 d6 6. O-O O-O 7. c3 Nc6 8. Re1
Bg4 9. h3 Bxf3 10. Qxf3 Ne5 11. Qe2 Qb6 12. f4 Ned7 13. Be3 Nh5 14. Kh2 e5 15.
f5 Nhf6 16. c4 Rae8 17. Nc3 h6 18. g4 Nh7 19. Qd2 g5 20. h4 f6 21. Nd5 Qd8 22.
b4 b6 23. a4 Nb8 24. b5 Rf7 25. a5 Nf8 26. axb6 axb6 27. Ra8 Rb7 28. Rea1 Qd7
29. R1a4 Qf7 30. Qa2 Rd8 31. R4a6 Nfd7 32. R6a7 Rxa7 33. Qxa7 Qe8 34. Qc7 Bf8
35. hxg5 hxg5 36. Nxb6 Nxb6 37. Qxb6 Be7 38. Ra7 Kf7 39. Qb7 Rd7 40. Qd5+ Kg7
41. b6 Rxa7 42. bxa7 Nc6 43. Bd2 Nxa7 44. Qb7 Nc6 45. Bf3 Nd4 46. Bd1 Kf7 47.
Kg2 1/2-1/2

[Event "?"]
[Site "?"]
[Date "2011.06.02"]
[Round "1.40"]
[White "Giricz, Thomas"]
[Black "Gustain, Marc"]
[Result "0-1"]
[WhiteElo "1840"]
[BlackElo "2101"]
[PlyCount "68"]
[EventDate "2011.??.??"]
[WhiteTeam "VfL Sindelfingen"]
[BlackTeam "SF Deizisau"]

1. e4 c5 2. Nf3 d6 3. d4 cxd4 4. Nxd4 Nf6 5. Nc3 a6 6. Be3 e5 7. Nb3 Be6 8. Bg5
Be7 9. Bxf6 Bxf6 10. Nd5 Nd7 11. Be2 O-O 12. Qd3 Bg5 13. O-O Rc8 14. c3 Nb6 15.
Ne3 Qc7 16. Rad1 Rfd8 17. g3 d5 18. exd5 Nxd5 19. Nxd5 Bxd5 20. Qc2 g6 21. a3
b5 22. Nd2 Bb7 23. Bf3 Rxd2 24. Rxd2 Bxf3 25. Rd3 Be4 26. Rfd1 Bxd3 27. Rxd3
Rd8 28. Qd1 Rxd3 29. Qxd3 Qd8 30. Qe4 Qd6 31. a4 Kg7 32. axb5 axb5 33. Qe2 Qd5
34. Qc2 e4 0-1

[Event "?"]
[Site "?"]
[Date "2011.06.02"]
[Round "1.41"]
[White "Arounopoulos, Stephan"]
[Black "Schmidt, Markus"]
[Result "1-0"]
[WhiteElo "2098"]
[BlackElo "1816"]
[PlyCount "61"]
[EventDate "2011.??.??"]
[WhiteTeam "SK e4 Gerlingen"]
[BlackTeam "Stuttgarter SF 1879"]

1. d4 Nf6 2. Nf3 g6 3. c4 Bg7 4. Nc3 O-O 5. e4 d6 6. Be2 e5 7. O-O Nc6 8. d5
Ne7 9. Ne1 Nd7 10. Be3 f5 11. f3 Nf6 12. Rc1 f4 13. Bf2 g5 14. c5 Rf7 15. cxd6
cxd6 16. Nb5 Ng6 17. a4 a6 18. Na3 h5 19. Nc4 g4 20. Kh1 h4 21. Nb6 g3 22. Nxa8
gxf2 23. Nd3 Nh5 24. Nb6 Bd7 25. Nxd7 Rxd7 26. Nxf2 h3 27. Nxh3 Nh4 28. Qc2 Bf8
29. Qc8 Qe7 30. Rf2 Qg7 31. Bf1 1-0

[Event "?"]
[Site "?"]
[Date "2011.06.02"]
[Round "1.42"]
[White "Meinecke, Klaus-Hinrich"]
[Black "Jüttner, Andreas"]
[Result "1/2-1/2"]
[WhiteElo "1806"]
[BlackElo "2096"]
[PlyCount "37"]
[EventDate "2011.??.??"]
[WhiteTeam "SAbt TSV Münchingen"]
[BlackTeam "FC Bayern München e.V."]

1. e4 e6 2. d4 d5 3. Nc3 Bb4 4. e5 Ne7 5. a3 Bxc3+ 6. bxc3 c5 7. Qg4 O-O 8. Bd3
Qa5 9. Bd2 Nbc6 10. Nf3 f5 11. exf6 Rxf6 12. Bxh7+ Kxh7 13. Ng5+ Kg8 14. Qh5
cxd4 15. Qh7+ Kf8 16. Qh8+ Ng8 17. Nh7+ Kf7 18. Ng5+ Kf8 19. Nh7+ 1/2-1/2

[Event "?"]
[Site "?"]
[Date "2011.06.02"]
[Round "1.43"]
[White "Zikeli, Saskia"]
[Black "Altimira, Jordi"]
[Result "1-0"]
[WhiteElo "2093"]
[BlackElo "1805"]
[PlyCount "81"]
[EventDate "2011.??.??"]
[WhiteTeam "SC Ingersheim e.V."]
[BlackTeam "SV Rottweil"]

1. e4 e5 2. Nf3 Nc6 3. d4 exd4 4. Nxd4 Nf6 5. Nxc6 bxc6 6. e5 Qe7 7. Qe2 Nd5 8.
c4 Ba6 9. b3 g6 10. g3 Bg7 11. Bb2 O-O-O 12. Bg2 Rhe8 13. O-O Bxe5 14. Qxe5
Qxe5 15. Bxe5 Rxe5 16. cxd5 Bxf1 17. Kxf1 cxd5 18. Nc3 c6 19. Rc1 Kb7 20. Na4
d6 21. Nb2 Rde8 22. Bf3 h5 23. Nd3 R5e7 24. Nb4 Rc7 25. Rxc6 Rxc6 26. Bxd5 Rec8
27. Ke2 Kb6 28. Nxc6 Rxc6 29. Bxc6 Kxc6 30. Kd3 Kd5 31. b4 g5 32. f3 f5 33. f4
gxf4 34. gxf4 h4 35. h3 Kc6 36. Kc4 d5+ 37. Kd4 Kb5 38. Kxd5 Kxb4 39. Ke5 Ka3
40. Kxf5 Kxa2 41. Kg4 1-0

[Event "?"]
[Site "?"]
[Date "2011.06.02"]
[Round "1.44"]
[White "Zeller, Elisa"]
[Black "Osmanovic, Faruk"]
[Result "1-0"]
[WhiteElo "1795"]
[BlackElo "2093"]
[PlyCount "109"]
[EventDate "2011.??.??"]
[WhiteTeam "SF 1876 Göppingen"]
[BlackTeam "SC Blau.Turm Bad Wimpfen"]

1. e4 c5 2. Nf3 d6 3. d4 cxd4 4. Nxd4 Nf6 5. Nc3 a6 6. Be2 e5 7. Nb3 Be7 8. O-O
O-O 9. Be3 Be6 10. Kh1 Nc6 11. f4 Qc7 12. f5 Bxb3 13. axb3 Nb4 14. Rc1 Rac8 15.
Qe1 d5 16. exd5 Nbxd5 17. Bd2 Bc5 18. Bf3 Rcd8 19. Nxd5 Nxd5 20. Bxd5 Rxd5 21.
f6 Rfd8 22. Qg3 g6 23. Bh6 Qa5 24. c4 Rd3 25. Qxe5 Bb4 26. Qe4 Qh5 27. Bf4 Qh4
28. Qxb7 Bd2 29. Bxd2 Rxd2 30. c5 Qg5 31. Qc6 h5 32. Rce1 Kh7 33. Rg1 Rf2 34.
Ref1 Rdd2 35. Rxf2 Rxf2 36. Qxa6 h4 37. Qc4 Qxf6 38. h3 Rf4 39. Qc3 Qc6 40. Qe3
Rf5 41. b4 f6 42. Qe7+ Kh6 43. Rd1 Qb5 44. Qe3+ Kh5 45. Qe4 Rg5 46. Qf3+ Kh6
47. Qxf6 Qe8 48. Rf1 Kh5 49. Qf3+ Kh6 50. Qf8+ Qxf8 51. Rxf8 Re5 52. c6 Re1+
53. Kh2 Rc1 54. b5 Kg7 55. Rc8 1-0

[Event "?"]
[Site "?"]
[Date "2011.06.02"]
[Round "1.45"]
[White "Imhof, Thomas"]
[Black "Kean, Christopher"]
[Result "1-0"]
[WhiteElo "2082"]
[BlackElo "1791"]
[PlyCount "69"]
[EventDate "2011.??.??"]
[WhiteTeam "SGem Vaihingen-Rohr"]
[BlackTeam "SC Leinfelden"]

1. e4 c5 2. Nf3 g6 3. d4 Bg7 4. c4 Qb6 5. dxc5 Qxc5 6. Nc3 Bxc3+ 7. bxc3 Nf6 8.
Bd3 d6 9. O-O O-O 10. h3 Nbd7 11. a4 Ne5 12. Be3 Qc7 13. Nxe5 dxe5 14. Qb3 Be6
15. Rfb1 Rfd8 16. Bf1 Nxe4 17. Qxb7 Qxb7 18. Rxb7 Rd7 19. Rxd7 Bxd7 20. Ra3 a5
21. Bb6 Nd2 22. Be2 Be6 23. c5 Nb1 24. Bf3 Rc8 25. Ra1 Nxc3 26. Bb7 Rb8 27. c6
Nd5 28. Bxa5 Bc8 29. Bd2 Bxb7 30. Rb1 Kf8 31. cxb7 Ke8 32. a5 Kd7 33. a6 Kc7
34. a7 Rxb7 35. Ba5+ 1-0

[Event "?"]
[Site "?"]
[Date "2011.06.02"]
[Round "1.46"]
[White "Boyarchenko, Vlada"]
[Black "Andraschko, Felix"]
[Result "0-1"]
[WhiteElo "1674"]
[BlackElo "2071"]
[PlyCount "48"]
[EventDate "2011.??.??"]
[BlackTeam "SC Leinfelden"]

1. e4 c5 2. Nf3 Nc6 3. d4 cxd4 4. Nxd4 Nf6 5. Nc3 d6 6. Be2 e5 7. Nf3 h6 8. O-O
Be7 9. b3 O-O 10. Qd2 a6 11. Rd1 b5 12. a3 Bb7 13. Bb2 Nb8 14. Bd3 Nbd7 15. b4
Nb6 16. Re1 Qd7 17. Rad1 Rfe8 18. Qe3 Qc7 19. h3 Bf8 20. Nh4 g6 21. Nf3 Bg7 22.
Rd2 Rad8 23. Red1 d5 24. exd5 e4 0-1

[Event "?"]
[Site "?"]
[Date "2011.06.02"]
[Round "1.47"]
[White "Kvetny, Mark"]
[Black "Sieweck, Philipp"]
[Result "1/2-1/2"]
[WhiteElo "2071"]
[BlackElo "1938"]
[PlyCount "79"]
[EventDate "2011.??.??"]
[WhiteTeam "SV Altbach e.V."]
[BlackTeam "SV Rottweil"]

1. d4 Nf6 2. c4 g6 3. Nc3 Bg7 4. e4 d6 5. Be2 O-O 6. Nf3 e5 7. O-O Nc6 8. d5
Ne7 9. Ne1 Ne8 10. Nd3 f5 11. Bd2 Nf6 12. f3 f4 13. c5 h5 14. cxd6 cxd6 15. Nf2
Rf7 16. Qc2 Bf8 17. Nb5 Ne8 18. Rfc1 Bd7 19. a4 g5 20. Ra3 Ng6 21. a5 Rc8 22.
Rc3 Rxc3 23. Qxc3 g4 24. fxg4 hxg4 25. Bxg4 Bxg4 26. Nxg4 Qd7 27. Qc8 Qxb5 28.
Qe6 Kg7 29. h4 Nf6 30. Nxf6 Rxf6 31. Rc7+ Ne7 32. Rxe7+ Bxe7 33. Qxe7+ Rf7 34.
Qg5+ Kh7 35. Qh5+ Kg8 36. Qg6+ Rg7 37. Qe6+ Kh7 38. Qf5+ Kh8 39. Qf8+ Kh7 40.
Qf5+ 1/2-1/2

[Event "?"]
[Site "?"]
[Date "2011.06.02"]
[Round "1.48"]
[White "Gheng, Simona"]
[Black "Lube, Manfred"]
[Result "1-0"]
[WhiteElo "2052"]
[BlackElo "1903"]
[PlyCount "99"]
[EventDate "2011.??.??"]
[BlackTeam "SGem Vaihingen-Rohr"]

1. e4 d6 2. d4 Nf6 3. Nc3 g6 4. Nf3 Bg7 5. Bc4 O-O 6. O-O a6 7. a4 Nc6 8. h3 e5
9. Bg5 h6 10. Be3 exd4 11. Nxd4 Nxd4 12. Bxd4 c6 13. a5 Be6 14. Bxe6 fxe6 15.
e5 dxe5 16. Bxe5 Qxd1 17. Raxd1 Rad8 18. Na4 Rd5 19. Rxd5 exd5 20. Nc5 Rf7 21.
b3 Ne4 22. Bxg7 Kxg7 23. Nxe4 dxe4 24. Re1 Re7 25. f3 e3 26. Kf1 Kf6 27. Ke2
Re5 28. Ra1 g5 29. Ra4 h5 30. g4 hxg4 31. hxg4 Rc5 32. c4 Re5 33. Rb4 Re7 34.
c5 Re5 35. Rc4 Kf7 36. b4 Kf6 37. Re4 Rd5 38. Kxe3 Rd1 39. Rd4 Re1+ 40. Kf2 Rb1
41. Kg3 Rb3 42. Rd6+ Ke5 43. Rg6 Rxb4 44. Rxg5+ Kd4 45. Rf5 Rb5 46. g5 Rxa5 47.
g6 Ra1 48. Rg5 Ke3 49. g7 Rg1+ 50. Kh4 1-0

[Event "?"]
[Site "?"]
[Date "2011.06.02"]
[Round "1.49"]
[White "Recker, Martin"]
[Black "Keller, Harald"]
[Result "0-1"]
[WhiteElo "1912"]
[BlackElo "2071"]
[PlyCount "70"]
[EventDate "2011.??.??"]
[WhiteTeam "SF Freiberg"]
[BlackTeam "SV Rottweil"]

1. d4 Nf6 2. Nf3 e6 3. g3 b6 4. Bg2 Bb7 5. O-O c5 6. c4 d5 7. cxd5 exd5 8. Nc3
Be7 9. Bf4 O-O 10. Qb3 Na6 11. Rfd1 c4 12. Qc2 Nc7 13. Ne5 b5 14. b3 b4 15. Na4
c3 16. Nc5 Bxc5 17. dxc5 Qe7 18. Nc4 Nb5 19. Nd6 Qd7 20. e4 dxe4 21. Nxe4 Bxe4
22. Bxe4 Nd4 23. Qd3 Nxe4 24. Qxe4 Rfd8 25. Bd6 Nc6 26. Qf4 h6 27. Qf3 Rac8 28.
Rd5 Qe6 29. Rad1 Re8 30. Qd3 Qe2 31. Qxe2 Rxe2 32. Ra1 Rce8 33. Kf1 g5 34. Bc7
Rb2 35. Rd6 c2 0-1

[Event "?"]
[Site "?"]
[Date "2011.06.02"]
[Round "1.50"]
[White "Müller, Kai-Markus"]
[Black "Pfeifer, Wilfried"]
[Result "1/2-1/2"]
[WhiteElo "1901"]
[BlackElo "2040"]
[PlyCount "112"]
[EventDate "2011.??.??"]
[WhiteTeam "SV Backnang"]
[BlackTeam "TSF Ditzingen"]

1. d4 f5 2. Bg5 g6 3. e3 Bg7 4. Bd3 d5 5. h4 h6 6. Bf4 Nf6 7. Nf3 Nbd7 8. Nc3
c6 9. h5 Nxh5 10. Rxh5 gxh5 11. Bxf5 O-O 12. Be6+ Kh8 13. Nh4 Qe8 14. Qd3 Rf6
15. Bf5 Qf7 16. Bg6 Rxg6 17. Qxg6 Kg8 18. Qg3 Kh7 19. O-O-O Nf6 20. f3 Bd7 21.
Qf2 Rf8 22. Qd2 Ne8 23. Rg1 Bf5 24. g4 hxg4 25. fxg4 Bg6 26. g5 h5 27. Ne2 Kg8
28. Bg3 Be4 29. Nf4 e5 30. g6 Qe7 31. Nxh5 Qg5 32. Nxg7 Nxg7 33. Bf2 Qh5 34.
dxe5 Qxe5 35. Ng2 Qh2 36. Nf4 Ne6 37. g7 Rf6 38. Re1 Nxf4 39. exf4 Qxf4 40. Be3
Qg4 41. Rg1 Qf3 42. b3 c5 43. Bg5 Rg6 44. Qe1 Qf5 45. Be7 Qf4+ 46. Kb1 Rxg1 47.
Qxg1 Bxc2+ 48. Kxc2 Qe4+ 49. Kc1 Qxe7 50. Qh1 Qg5+ 51. Kb1 Qf5+ 52. Kb2 Qe5+
53. Ka3 Kxg7 54. Qg1+ Kf6 55. Qg8 Qe6 56. Qd8+ Kf5 1/2-1/2

[Event "?"]
[Site "?"]
[Date "2011.06.02"]
[Round "1.51"]
[White "Gibicar, Danijel"]
[Black "Enders, Philipp"]
[Result "1/2-1/2"]
[WhiteElo "2037"]
[BlackElo "1794"]
[PlyCount "109"]
[EventDate "2011.??.??"]
[WhiteTeam "SK Bebenhausen 1992"]
[BlackTeam "SV Hockenheim"]

1. d4 d5 2. c4 Nc6 3. Nc3 dxc4 4. Nf3 Nf6 5. Bg5 Bg4 6. e3 Qd6 7. Bxc4 Qb4 8.
Qb3 Qxb3 9. Bxb3 Na5 10. Bc2 Bxf3 11. gxf3 O-O-O 12. O-O-O Nd5 13. Nxd5 Rxd5
14. Bf4 e6 15. Be4 Rh5 16. Kb1 Bd6 17. Bxd6 cxd6 18. f4 d5 19. Bf3 Rh3 20. Bg2
Rh6 21. f5 Rf6 22. fxe6 fxe6 23. f4 Nc4 24. Rde1 Kd7 25. b3 Nd6 26. Kc2 g5 27.
Rhf1 gxf4 28. Rxf4 Rxf4 29. exf4 Rg8 30. Bh3 Rf8 31. Bxe6+ Kc6 32. Rf1 Ne4 33.
Bg4 Kd6 34. Kd3 Rf6 35. f5 Ke7 36. Ke3 Rh6 37. Kf4 Kf6 38. Bf3 Rxh2 39. Bxe4
dxe4 40. Kxe4 Re2+ 41. Kd5 Rxa2 42. Rf3 Ra5+ 43. Kd6 Rxf5 44. Rxf5+ Kxf5 45. d5
h5 46. Kc7 h4 47. d6 h3 48. d7 h2 49. d8=Q h1=Q 50. Qc8+ Ke5 51. Qxb7 Qxb7+ 52.
Kxb7 Kd4 53. b4 Kc4 54. Ka6 Kxb4 55. Kxa7 1/2-1/2

[Event "?"]
[Site "?"]
[Date "2011.06.02"]
[Round "2.1"]
[White "Krockenberger, Martin"]
[Black "Ovsejevitsch, Sergei"]
[Result "0-1"]
[WhiteElo "2178"]
[BlackElo "2585"]
[PlyCount "120"]
[EventDate "2011.??.??"]
[WhiteTeam "SK Schmiden/Cannstatt"]
[BlackTeam "SK Gau-Algesheim"]

1. c4 Nf6 2. g3 c5 3. Bg2 Nc6 4. Nf3 g6 5. d4 cxd4 6. Nxd4 Bg7 7. O-O O-O 8.
Nc3 Ng4 9. e3 d6 10. b3 Nxd4 11. exd4 Nh6 12. Bxh6 Bxh6 13. Qe2 Bg7 14. Rad1 e6
15. Qe3 Qa5 16. Ne4 d5 17. Nd6 Rd8 18. Nxc8 Raxc8 19. cxd5 exd5 20. Qd2 Qxd2
21. Rxd2 b5 22. Re1 Kf8 23. Kf1 Bf6 24. Ree2 b4 25. Rd1 h5 26. h4 a5 27. Bf3
Bg7 28. Bg2 Rc3 29. Bh1 Rd6 30. Bg2 Rd7 31. Bh1 Bh6 32. Bg2 Rd6 33. Bh1 Re6 34.
Bxd5 Rxe2 35. Kxe2 Rc2+ 36. Kf3 Rxa2 37. Bc6 Ke7 38. Re1+ Kf6 39. Rd1 Rc2 40.
Ba4 Rc3+ 41. Ke4 Ke6 42. d5+ Kd6 43. Rd3 Rc2 44. f4 Bg7 45. Kf3 Bc3 46. Rd1 Bf6
47. Rd3 Bc3 48. Rd1 f5 49. Be8 Rb2 50. Ba4 Bd2 51. Rf1 Kxd5 52. Rf2 Kd4 53. Re2
Kc3 54. Re5 Rxb3 55. Bxb3 Kxb3 56. Rxa5 Kc2 57. Ra2+ Kd3 58. Ra8 b3 59. Rd8+
Kc2 60. Ke2 Bc3 0-1